Postacie Fikcyjne Według Obrazków - A - Statystyki

Ogólne statystyki
  • Ten quiz został rozwiązany 51 razy
    22 od ostatniego zresetowania
  • Średni wynik to 12 z 20
Statystyki odpowiedzi
Obrazkowy Odpowiedź % Poprawnych
Ariel
100%
Aladyn
95%
Anna
89%
Asterix
89%
Alvin
84%
Alicja
79%
Albus Dumbledore
74%
Ash Ketchum
74%
Ace Ventura
68%
Anakin Skywalker
68%
Aslan
68%
Aquaman
63%
Aragon
63%
Aurora
53%
Apollo
42%
Austin Powers
32%
Andy Dufresne
16%
Artur
16%
Apu Nahasapeemapetilon
5%
Atticus Finch
5%
Nie znaleziono quizów pasujących do podanych kryteriów
Rozkład punktacji
Procent ludzi z każdym wynikiem
Percentyl według liczby udzielonych odpowiedzi
Twoja historia wyników
Nie rozwiązałeś tego quizu od ostatniego zresetowania